[Event "Bundesliga 0102"]
[Site "Deutschland"]
[Date "2002.02.23"]
[Round "8.2"]
[White "Kallai, Gabor"]
[Black "Khalifman, Alexander"]
[Result "1/2-1/2"]
[WhiteElo "2555"]
[BlackElo "2699"]
[PlyCount "29"]
[EventDate "2001.10.06"]
[EventType "team"]
[EventRounds "15"]
[EventCountry "GER"]
[SourceTitle "Bundesliga 0102"]
[Source "DeepChess"]
[SourceDate "2005.01.01"]
[SourceVersion "1"]
[SourceVersionDate "2005.01.01"]
[SourceQuality "1"]
[WhiteTeam "SF Neukoelln 03 e.V."]
[BlackTeam "SG Porz e.V."]
[WhiteTeamCountry "GER"]
[BlackTeamCountry "GER"]

1. d4 Nf6 2. c4 e6 3. Nf3 b6 4. g3 Ba6 5. b3 b5 6. cxb5 Bxb5 7. Bg2 d5 8. Ba3
Bd6 9. Bxd6 cxd6 10. Nc3 Bd7 11. O-O Nc6 12. a3 a5 13. Qd3 O-O 14. Rfc1 Rb8 15.
Rab1 1/2-1/2

[Event "Bundesliga 0102"]
[Site "Deutschland"]
[Date "2002.02.23"]
[Round "8.3"]
[White "Brynell, Stellan"]
[Black "Vaganian, Rafael A"]
[Result "1/2-1/2"]
[WhiteElo "2486"]
[BlackElo "2650"]
[PlyCount "45"]
[EventDate "2001.10.06"]
[EventType "team"]
[EventRounds "15"]
[EventCountry "GER"]
[SourceTitle "Bundesliga 0102"]
[Source "DeepChess"]
[SourceDate "2005.01.01"]
[SourceVersion "1"]
[SourceVersionDate "2005.01.01"]
[SourceQuality "1"]
[WhiteTeam "SF Neukoelln 03 e.V."]
[BlackTeam "SG Porz e.V."]
[WhiteTeamCountry "GER"]
[BlackTeamCountry "GER"]

1. e4 e6 2. d4 d5 3. Nd2 c5 4. exd5 exd5 5. Ngf3 Nc6 6. Bb5 Bd6 7. dxc5 Bxc5 8.
O-O Nge7 9. Nb3 Bd6 10. Re1 O-O 11. Bg5 Bg4 12. Be2 Re8 13. c3 h6 14. Bh4 Qb6
15. Nfd4 Bxe2 16. Rxe2 Nxd4 17. Nxd4 Nc6 18. Nf5 Bf8 19. Nxh6+ gxh6 20. Rxe8
Rxe8 21. Qg4+ Kh7 22. Qf5+ Kg8 23. Qg4+ 1/2-1/2

[Event "Bundesliga 0102"]
[Site "Deutschland"]
[Date "2002.02.23"]
[Round "8.5"]
[White "Hansen, Curt"]
[Black "Borriss, Martin"]
[Result "1-0"]
[WhiteElo "2626"]
[BlackElo "2445"]
[PlyCount "85"]
[EventDate "2001.10.06"]
[EventType "team"]
[EventRounds "15"]
[EventCountry "GER"]
[SourceTitle "Bundesliga 0102"]
[Source "DeepChess"]
[SourceDate "2005.01.01"]
[SourceVersion "1"]
[SourceVersionDate "2005.01.01"]
[SourceQuality "1"]
[WhiteTeam "SG Porz e.V."]
[BlackTeam "SF Neukoelln 03 e.V."]
[WhiteTeamCountry "GER"]
[BlackTeamCountry "GER"]

1. Nf3 Nf6 2. c4 Nc6 3. d4 e6 4. Nc3 Bb4 5. Qc2 d5 6. a3 Bxc3+ 7. Qxc3 Ne4 8.
Qb3 O-O 9. e3 b6 10. Qc2 Bb7 11. cxd5 exd5 12. b4 Ne7 13. Be2 Nf5 14. O-O Re8
15. a4 Rc8 16. Bb2 Re6 17. Ra3 Rc6 18. Qd3 Rh6 19. a5 b5 20. a6 Bc6 21. Ne5 Be8
22. Bg4 Nh4 23. f3 Nd6 24. e4 Rb8 25. Bc1 dxe4 26. fxe4 Rf6 27. Rd1 h6 28. Ra2
Ng6 29. Bf3 Qe7 30. Ng4 Re6 31. d5 Ne5 32. Nxe5 Rxe5 33. Bf4 Rb6 34. Qd4 Nc4
35. Rc1 f6 36. Bxe5 fxe5 37. Qc5 Qg5 38. Re1 Rf6 39. Rf2 Nd2 40. Bd1 Bg6 41.
Rxf6 gxf6 42. d6 cxd6 43. Qxa7 1-0

[Event "Bundesliga 0102"]
[Site "Deutschland"]
[Date "2002.02.23"]
[Round "8.6"]
[White "Polzin, Rainer"]
[Black "Graf, Alexander"]
[Result "0-1"]
[WhiteElo "2469"]
[BlackElo "2610"]
[PlyCount "52"]
[EventDate "2001.10.06"]
[EventType "team"]
[EventRounds "15"]
[EventCountry "GER"]
[SourceTitle "Bundesliga 0102"]
[Source "DeepChess"]
[SourceDate "2005.01.01"]
[SourceVersion "1"]
[SourceVersionDate "2005.01.01"]
[SourceQuality "1"]
[WhiteTeam "SF Neukoelln 03 e.V."]
[BlackTeam "SG Porz e.V."]
[WhiteTeamCountry "GER"]
[BlackTeamCountry "GER"]

1. e4 e5 2. Nf3 Nc6 3. Bc4 d6 4. c3 g6 5. d3 Bg7 6. Ng5 Nh6 7. h4 Qe7 8. Qb3
Nd8 9. h5 c6 10. a4 f6 11. Nf3 g5 12. Be3 Ndf7 13. Nh2 f5 14. f3 g4 15. fxg4 f4
16. Bf2 Nxg4 17. Nxg4 Bxg4 18. Nd2 Bf6 19. a5 O-O 20. Nf3 Kh8 21. Ra4 Ng5 22.
Nxg5 Bxg5 23. O-O f3 24. g3 Qe8 25. d4 Qxh5 26. Re1 Rf6 0-1

[Event "Bundesliga 0102"]
[Site "Deutschland"]
[Date "2002.02.23"]
[Round "8.7"]
[White "Van den Doel, Erik"]
[Black "Poldauf, Dirk"]
[Result "1-0"]
[WhiteElo "2607"]
[BlackElo "2403"]
[PlyCount "129"]
[EventDate "2001.10.06"]
[EventType "team"]
[EventRounds "15"]
[EventCountry "GER"]
[SourceTitle "Bundesliga 0102"]
[Source "DeepChess"]
[SourceDate "2005.01.01"]
[SourceVersion "1"]
[SourceVersionDate "2005.01.01"]
[SourceQuality "1"]
[WhiteTeam "SG Porz e.V."]
[BlackTeam "SF Neukoelln 03 e.V."]
[WhiteTeamCountry "GER"]
[BlackTeamCountry "GER"]

1. e4 e6 2. d4 d5 3. e5 c5 4. c3 Nc6 5. Nf3 Nge7 6. Bd3 cxd4 7. cxd4 Nf5 8. Bc2
Qb6 9. Bxf5 exf5 10. Nc3 Be6 11. O-O h6 12. Na4 Qb5 13. Ne1 g5 14. f4 Rg8 15.
b3 O-O-O 16. Nc2 Kb8 17. Nc3 Qa6 18. Ne2 Nb4 19. Ne1 Be7 20. a3 Nc6 21. Nd3 Qb6
22. Be3 f6 23. Nc5 Bc8 24. Na4 Qa6 25. exf6 Bxf6 26. Nc5 Qb6 27. Rc1 Rge8 28.
Bf2 Ka8 29. Kh1 Qc7 30. b4 Qg7 31. b5 Na5 32. Ng3 Qf7 33. Qa4 Nc4 34. Nd3 b6
35. Bg1 Bh8 36. Nb4 Bb7 37. Nc6 Bxc6 38. bxc6 g4 39. Qa6 Qc7 40. Nxf5 Qxc6 41.
Ne3 Qb7 42. Qxb7+ Kxb7 43. Nxc4 dxc4 44. Rxc4 Rd5 45. Rc3 b5 46. h3 h5 47. hxg4
hxg4 48. Kh2 Bxd4 49. Bxd4 Rxd4 50. Kg3 Re2 51. f5 Rdd2 52. Rg1 Rf2 53. Kxg4
Rxg2+ 54. Rxg2 Rxg2+ 55. Kh5 a5 56. f6 Rf2 57. Kg6 Rg2+ 58. Kh7 Rf2 59. Kg7 Kb6
60. Rg3 Kc5 61. Rg5+ Kc4 62. f7 b4 63. Rxa5 b3 64. f8=Q Rxf8 65. Ra4+ 1-0

[Event "Bundesliga 0102"]
[Site "Deutschland"]
[Date "2002.02.23"]
[Round "8.8"]
[White "Thiede, Lars"]
[Black "Nijboer, Friso"]
[Result "0-1"]
[WhiteElo "2410"]
[BlackElo "2551"]
[PlyCount "82"]
[EventDate "2001.10.06"]
[EventType "team"]
[EventRounds "15"]
[EventCountry "GER"]
[SourceTitle "Bundesliga 0102"]
[Source "DeepChess"]
[SourceDate "2005.01.01"]
[SourceVersion "1"]
[SourceVersionDate "2005.01.01"]
[SourceQuality "1"]
[WhiteTeam "SF Neukoelln 03 e.V."]
[BlackTeam "SG Porz e.V."]
[WhiteTeamCountry "GER"]
[BlackTeamCountry "GER"]

1. g3 Nf6 2. c4 g6 3. Bg2 Bg7 4. Nc3 O-O 5. d3 d6 6. Nf3 e5 7. O-O Nc6 8. Rb1
a5 9. a3 Nd4 10. Nd2 c6 11. e3 Nf5 12. Nf3 Re8 13. e4 Nd4 14. Nxd4 exd4 15. Ne2
Nd7 16. b3 Nc5 17. Bb2 Ne6 18. f4 f5 19. exf5 gxf5 20. g4 Nc5 21. Ng3 Re3 22.
gxf5 Nxd3 23. Nh5 Qf8 24. Ba1 Bxf5 25. Ng3 Rae8 26. Qh5 Bg6 27. Qg4 Qf6 28. f5
Bf7 29. Ne4 R8xe4 30. Bxe4 Nc5 31. Bc2 Nd7 32. Rbd1 c5 33. Bb2 Ne5 34. Qg2 Bh5
35. Be4 Re2 36. Rf2 Rxf2 37. Qxf2 Bxd1 38. Qg3 Qh6 39. Kf1 Qd2 40. f6 Be2+ 41.
Kg2 Bg4+ 0-1

[Event "Bundesliga 0102"]
[Site "Deutschland"]
[Date "2002.02.23"]
[Round "8.1"]
[White "Khenkin, Igor"]
[Black "Kasimdzhanov, Rustam"]
[Result "1-0"]
[WhiteElo "2579"]
[BlackElo "2704"]
[PlyCount "79"]
[EventDate "2001.10.06"]
[EventType "team"]
[EventRounds "15"]
[EventCountry "GER"]
[SourceTitle "Bundesliga 0102"]
[Source "DeepChess"]
[SourceDate "2005.01.01"]
[SourceVersion "1"]
[SourceVersionDate "2005.01.01"]
[SourceQuality "1"]
[WhiteTeam "TV Tegernsee"]
[BlackTeam "SG 1868 Aljech. Solingen"]
[WhiteTeamCountry "GER"]
[BlackTeamCountry "GER"]

1. d4 Nf6 2. c4 e6 3. Nc3 Bb4 4. e3 O-O 5. Bd3 d5 6. cxd5 exd5 7. Nge2 c5 8.
O-O Nc6 9. a3 cxd4 10. axb4 dxc3 11. b5 Ne5 12. Nxc3 Bg4 13. Be2 Bxe2 14. Qxe2
Qc7 15. Rd1 Rfd8 16. h3 Ng6 17. Ra4 Nf8 18. Bd2 Ne6 19. Be1 Rd7 20. f3 b6 21.
Bh4 g5 22. Bf2 Re8 23. Qc2 Qe5 24. f4 gxf4 25. exf4 Qh5 26. f5 Nc5 27. Rad4
Nce4 28. Nxe4 Nxe4 29. Rxd5 Rxd5 30. Rxd5 Qg5 31. Qc6 Kf8 32. Bd4 Qg3 33. Qh6+
Kg8 34. Qe3 Qxe3+ 35. Bxe3 Ng3 36. Kf2 Nh5 37. Rd7 Nf6 38. Rxa7 Nd5 39. Bd4 f6
40. Kf3 1-0

[Event "Bundesliga 0102"]
[Site "Deutschland"]
[Date "2002.02.23"]
[Round "8.2"]
[White "Piket, Jeroen"]
[Black "Hertneck, Gerald"]
[Result "1-0"]
[WhiteElo "2630"]
[BlackElo "2572"]
[PlyCount "69"]
[EventDate "2001.10.06"]
[EventType "team"]
[EventRounds "15"]
[EventCountry "GER"]
[SourceTitle "Bundesliga 0102"]
[Source "DeepChess"]
[SourceDate "2005.01.01"]
[SourceVersion "1"]
[SourceVersionDate "2005.01.01"]
[SourceQuality "1"]
[WhiteTeam "SG 1868 Aljech. Solingen"]
[BlackTeam "TV Tegernsee"]
[WhiteTeamCountry "GER"]
[BlackTeamCountry "GER"]

1. Nf3 Nf6 2. c4 b6 3. d4 e6 4. a3 c5 5. d5 exd5 6. cxd5 g6 7. Nc3 Bg7 8. e4
O-O 9. Bd3 d6 10. h3 Ba6 11. O-O Bxd3 12. Qxd3 Nbd7 13. Bf4 Qe7 14. Bh2 Rfc8
15. Nd2 Ne8 16. Nc4 a6 17. a4 Rab8 18. Kh1 Qf8 19. Qe2 b5 20. Na5 Nc7 21. Nc6
Rb6 22. axb5 axb5 23. Qg4 f5 24. exf5 Nf6 25. Qf3 b4 26. Ne4 Nfxd5 27. Nxd6
Rxc6 28. Nxc8 Qxc8 29. Bxc7 Qxf5 30. Ra8+ Kf7 31. Bf4 Re6 32. Ra7+ Kg8 33. Rd1
Nxf4 34. Rd8+ Bf8 35. Qb7 1-0

[Event "Bundesliga 0102"]
[Site "Deutschland"]
[Date "2002.02.23"]
[Round "8.3"]
[White "Beim, Valery"]
[Black "Jussupow, Artur"]
[Result "1/2-1/2"]
[WhiteElo "2527"]
[BlackElo "2633"]
[PlyCount "52"]
[EventDate "2001.10.06"]
[EventType "team"]
[EventRounds "15"]
[EventCountry "GER"]
[SourceTitle "Bundesliga 0102"]
[Source "DeepChess"]
[SourceDate "2005.01.01"]
[SourceVersion "1"]
[SourceVersionDate "2005.01.01"]
[SourceQuality "1"]
[WhiteTeam "TV Tegernsee"]
[BlackTeam "SG 1868 Aljech. Solingen"]
[WhiteTeamCountry "GER"]
[BlackTeamCountry "GER"]

1. c4 e6 2. Nc3 d5 3. d4 Nf6 4. cxd5 exd5 5. Bg5 Be7 6. e3 O-O 7. Nf3 Nbd7 8.
Bd3 Re8 9. O-O c6 10. Qc2 Nf8 11. h3 g6 12. Rab1 Ne6 13. Bh6 Ng7 14. b4 Bd6 15.
b5 Nf5 16. bxc6 bxc6 17. Bg5 h6 18. Bf4 Bxf4 19. exf4 Qd6 20. Ne2 Re7 21. Rb3
Rc7 22. Rc3 Ne4 23. Bxe4 dxe4 24. Qxe4 Ba6 25. Re1 Rd8 26. Rc5 Bxe2 1/2-1/2

[Event "Bundesliga 0102"]
[Site "Deutschland"]
[Date "2002.02.23"]
[Round "8.4"]
[White "Nikolic, Predrag"]
[Black "Teske, Henrik"]
[Result "1-0"]
[WhiteElo "2652"]
[BlackElo "2486"]
[PlyCount "108"]
[EventDate "2001.10.06"]
[EventType "team"]
[EventRounds "15"]
[EventCountry "GER"]
[SourceTitle "Bundesliga 0102"]
[Source "DeepChess"]
[SourceDate "2005.01.01"]
[SourceVersion "1"]
[SourceVersionDate "2005.01.01"]
[SourceQuality "1"]
[WhiteTeam "SG 1868 Aljech. Solingen"]
[BlackTeam "TV Tegernsee"]
[WhiteTeamCountry "GER"]
[BlackTeamCountry "GER"]

1. d4 e6 2. c4 b6 3. Nc3 Bb4 4. Qb3 c5 5. a3 Bxc3+ 6. Qxc3 cxd4 7. Qxd4 Nf6 8.
Bg5 Nc6 9. Qh4 h6 10. Nf3 O-O 11. Bxf6 Qxf6 12. Qxf6 gxf6 13. e3 Rd8 14. Be2
Bb7 15. O-O Rac8 16. Rac1 Kf8 17. Rfd1 Ke7 18. Kf1 d6 19. g3 Rd7 20. Rc3 Ne5
21. Nd2 d5 22. f4 Nxc4 23. Nxc4 dxc4 24. Rxd7+ Kxd7 25. Rxc4 Rxc4 26. Bxc4 f5
27. Kf2 f6 28. Be2 Be4 29. Bf3 Bc2 30. Ke2 Kd6 31. Kd2 Ba4 32. Kd3 Bb5+ 33. Kd4
Bf1 34. e4 fxe4 35. Bxe4 Bh3 36. Bf3 a5 37. Be2 Bg2 38. g4 e5+ 39. fxe5+ fxe5+
40. Ke3 Ke6 41. h4 Bc6 42. Bf3 Bd7 43. g5 hxg5 44. Bg4+ Kd6 45. Bxd7 gxh4 46.
Bf5 Kd5 47. Kd3 a4 48. Be4+ Kc5 49. Bg2 b5 50. Kc3 b4+ 51. axb4+ Kb5 52. Be4 h3
53. Bh1 h2 54. Be4 Kb6 1-0

[Event "Bundesliga 0102"]
[Site "Deutschland"]
[Date "2002.02.23"]
[Round "8.5"]
[White "Gross, David2"]
[Black "Lobron, Eric"]
[Result "1/2-1/2"]
[WhiteElo "2463"]
[BlackElo "2524"]
[PlyCount "50"]
[EventDate "2001.10.06"]
[EventType "team"]
[EventRounds "15"]
[EventCountry "GER"]
[SourceTitle "Bundesliga 0102"]
[Source "DeepChess"]
[SourceDate "2005.01.01"]
[SourceVersion "1"]
[SourceVersionDate "2005.01.01"]
[SourceQuality "1"]
[WhiteTeam "TV Tegernsee"]
[BlackTeam "SG 1868 Aljech. Solingen"]
[WhiteTeamCountry "GER"]
[BlackTeamCountry "GER"]

1. e4 c6 2. d4 d5 3. Nd2 dxe4 4. Nxe4 Nd7 5. Ng5 Ngf6 6. Bd3 e6 7. N1f3 Bd6 8.
Qe2 h6 9. Ne4 Nxe4 10. Qxe4 Qc7 11. Qg4 Kf8 12. O-O c5 13. Qh4 b6 14. Be4 Rb8
15. d5 e5 16. Bf5 Nf6 17. Bxc8 Rxc8 18. c4 Re8 19. Re1 Qd7 20. Bg5 hxg5 21.
Qxh8+ Ke7 22. Qxg7 Rg8 23. Qh6 Rg6 24. Qh8 Rg8 25. Qh6 Rg6 1/2-1/2

[Event "Bundesliga 0102"]
[Site "Deutschland"]
[Date "2002.02.23"]
[Round "8.6"]
[White "Rowson, Jonathan"]
[Black "Kachiani Gersinska, Ketino"]
[Result "1-0"]
[WhiteElo "2514"]
[BlackElo "2453"]
[PlyCount "71"]
[EventDate "2001.10.06"]
[EventType "team"]
[EventRounds "15"]
[EventCountry "GER"]
[SourceTitle "Bundesliga 0102"]
[Source "DeepChess"]
[SourceDate "2005.01.01"]
[SourceVersion "1"]
[SourceVersionDate "2005.01.01"]
[SourceQuality "1"]
[WhiteTeam "SG 1868 Aljech. Solingen"]
[BlackTeam "TV Tegernsee"]
[WhiteTeamCountry "GER"]
[BlackTeamCountry "GER"]

1. e4 c6 2. d4 d5 3. exd5 cxd5 4. c4 Nf6 5. Nc3 Nc6 6. Nf3 e6 7. a3 Be7 8. c5
Ne4 9. Qc2 f5 10. Bb5 Bf6 11. O-O O-O 12. Bxc6 bxc6 13. Bf4 Ba6 14. Rfe1 g5 15.
Bd6 Nxd6 16. cxd6 Qxd6 17. Na4 Rae8 18. Ne5 g4 19. Qd2 Re7 20. Rac1 Bb7 21. Qa5
Qc7 22. Qb4 Bg5 23. Rc2 Rb8 24. Nc5 Bc8 25. Qa4 Rb6 26. b4 Qd6 27. g3 h5 28.
Kg2 Kg7 29. h3 Kf6 30. Rh1 Qc7 31. Ncd3 Ba6 32. Nc5 Bb5 33. Qb3 a5 34. hxg4
hxg4 35. Rh5 Rb8 36. Rxg5 1-0

[Event "Bundesliga 0102"]
[Site "Deutschland"]
[Date "2002.02.23"]
[Round "8.7"]
[White "Bromberger, Stefan"]
[Black "Naumann, Alexander"]
[Result "0-1"]
[WhiteElo "2353"]
[BlackElo "2480"]
[PlyCount "54"]
[EventDate "2001.10.06"]
[EventType "team"]
[EventRounds "15"]
[EventCountry "GER"]
[SourceTitle "Bundesliga 0102"]
[Source "DeepChess"]
[SourceDate "2005.01.01"]
[SourceVersion "1"]
[SourceVersionDate "2005.01.01"]
[SourceQuality "1"]
[WhiteTeam "TV Tegernsee"]
[BlackTeam "SG 1868 Aljech. Solingen"]
[WhiteTeamCountry "GER"]
[BlackTeamCountry "GER"]

1. e4 c6 2. d4 d5 3. e5 Bf5 4. Nc3 e6 5. g4 Bg6 6. Nge2 c5 7. Be3 Nc6 8. dxc5
Nxe5 9. Nf4 Ne7 10. Bb5+ N7c6 11. Qe2 Be4 12. Nxe4 dxe4 13. Kf1 Qc7 14. Rd1 Be7
15. Nh5 O-O 16. Ng3 f5 17. Bf4 Bxc5 18. gxf5 Qb6 19. Bxc6 Nxc6 20. Rd7 Nd4 21.
Qc4 Nxf5 22. Rg1 Bxf2 23. Nxf5 Bxg1 24. Rxg7+ Kh8 25. Rg8+ Kxg8 26. Qxe6+ Qxe6
27. Nh6+ Qxh6 0-1

[Event "Bundesliga 0102"]
[Site "Deutschland"]
[Date "2002.12.23"]
[Round "8.8"]
[White "Schaefer, Markus"]
[Black "Klundt, Klaus"]
[Result "1-0"]
[WhiteElo "2403"]
[BlackElo "2379"]
[PlyCount "111"]
[EventDate "2001.10.06"]
[EventType "team"]
[EventRounds "15"]
[EventCountry "GER"]
[SourceTitle "Bundesliga 0102"]
[Source "DeepChess"]
[SourceDate "2005.01.01"]
[SourceVersion "1"]
[SourceVersionDate "2005.01.01"]
[SourceQuality "1"]
[WhiteTeam "SG 1868 Aljech. Solingen"]
[BlackTeam "TV Tegernsee"]
[WhiteTeamCountry "GER"]
[BlackTeamCountry "GER"]

1. e4 c5 2. Nf3 Nc6 3. d4 cxd4 4. Nxd4 e5 5. Nb5 a6 6. Nd6+ Bxd6 7. Qxd6 Qe7 8.
Qxe7+ Ngxe7 9. c4 b5 10. Na3 Nd4 11. cxb5 Bb7 12. Be3 O-O 13. bxa6 Bxe4 14.
Bxd4 exd4 15. Nb5 Rxa6 16. Nxd4 Rb6 17. b3 Ra8 18. Nb5 Bc6 19. Nd4 Bd5 20. Be2
Rb4 21. Nc2 Rb6 22. O-O Nc6 23. Rfd1 Be6 24. Bf3 Rba6 25. Bxc6 dxc6 26. Nb4 Rb6
27. Nd3 Rb5 28. Rdc1 g6 29. Nc5 Bd5 30. a4 Rb4 31. a5 Ra7 32. f3 Kf8 33. Kf2
Ke7 34. a6 Kd6 35. Ra5 h5 36. Nb7+ Ke7 37. Nc5 h4 38. Rc3 g5 39. g3 f5 40. Nd3
hxg3+ 41. hxg3 Rxb3 42. Rxb3 Bxb3 43. Rxf5 Rxa6 44. Rxg5 Bc4 45. Nc5 Ra3 46.
Ne4 Bd5 47. Re5+ Kf7 48. g4 Bxe4 49. Rxe4 c5 50. Kg3 Rc3 51. g5 c4 52. Kg4 Rc1
53. Kf5 c3 54. g6+ Kf8 55. Kf6 Rg1 56. Rc4 1-0

[Event "Bundesliga 0102"]
[Site "Deutschland"]
[Date "2002.02.23"]
[Round "8.1"]
[White "Golubev, Mihail"]
[Black "Van Mil, Johannes A J"]
[Result "1-0"]
[WhiteElo "2526"]
[BlackElo "2416"]
[PlyCount "71"]
[EventDate "2001.10.06"]
[EventType "team"]
[EventRounds "15"]
[EventCountry "GER"]
[SourceTitle "Bundesliga 0102"]
[Source "DeepChess"]
[SourceDate "2005.01.01"]
[SourceVersion "1"]
[SourceVersionDate "2005.01.01"]
[SourceQuality "1"]
[WhiteTeam "Stuttgarter SF 1879"]
[BlackTeam "SGEM Heiligenhaus 1937 e. V."]
[WhiteTeamCountry "GER"]
[BlackTeamCountry "GER"]

1. e4 g6 2. d4 Bg7 3. c4 Nc6 4. Ne2 d6 5. d5 Ne5 6. Nd4 c6 7. Be2 Qb6 8. Nc2
Nf6 9. Nc3 O-O 10. O-O Bg4 11. Be3 Bxe2 12. Qxe2 Qc7 13. f4 Ned7 14. Bd4 cxd5
15. e5 Nh5 16. Nxd5 Qd8 17. e6 Ndf6 18. Nc3 Ne8 19. f5 Bxd4+ 20. Nxd4 Qb6 21.
Rad1 Nc7 22. Kh1 Nf6 23. exf7+ Rxf7 24. fxg6 hxg6 25. Ne4 Qa5 26. Nxf6+ exf6
27. Qe4 Kg7 28. Qxb7 Re8 29. Qf3 Ne6 30. Nb5 Ng5 31. Qc6 Re6 32. Nd4 Re3 33.
Qxd6 Qxa2 34. b3 Qb2 35. c5 Ne4 36. Qf4 1-0

[Event "Bundesliga 0102"]
[Site "Deutschland"]
[Date "2002.02.23"]
[Round "8.2"]
[White "Solleveld, Maarten"]
[Black "Hickl, Joerg"]
[Result "1/2-1/2"]
[WhiteElo "2427"]
[BlackElo "2600"]
[PlyCount "125"]
[EventDate "2001.10.06"]
[EventType "team"]
[EventRounds "15"]
[EventCountry "GER"]
[SourceTitle "Bundesliga 0102"]
[Source "DeepChess"]
[SourceDate "2005.01.01"]
[SourceVersion "1"]
[SourceVersionDate "2005.01.01"]
[SourceQuality "1"]
[WhiteTeam "SGEM Heiligenhaus 1937 e. V."]
[BlackTeam "Stuttgarter SF 1879"]
[WhiteTeamCountry "GER"]
[BlackTeamCountry "GER"]

1. e4 g6 2. d4 Bg7 3. Nc3 d6 4. f4 e6 5. Nf3 Ne7 6. Be3 b6 7. Qd2 Bb7 8. O-O-O
Nd7 9. Bd3 a6 10. h4 c5 11. h5 Qc7 12. dxc5 bxc5 13. hxg6 hxg6 14. Rxh8+ Bxh8
15. f5 gxf5 16. exf5 exf5 17. Bf4 O-O-O 18. Qe2 Nb6 19. Bxa6 Bxc3 20. bxc3 Ned5
21. Bg5 f6 22. Qe6+ Qd7 23. Bxb7+ Kxb7 24. Qxd7+ Rxd7 25. Bd2 Kc6 26. Nh4 Ra7
27. Nxf5 Rxa2 28. Kb1 Ra3 29. Be1 Nc4 30. Rd3 Ne5 31. Rh3 Ra8 32. Rh4 Rb8+ 33.
Kc1 Ra8 34. Kb1 Re8 35. Re4 Rh8 36. c4 Nb6 37. Ne7+ Kd7 38. Nd5 Nbxc4 39. Nxf6+
Ke6 40. Ng4 Rh1 41. Re2 Kf5 42. Ne3+ Nxe3 43. Rxe3 d5 44. Ka2 d4 45. Re2 Rh7
46. Bd2 Ra7+ 47. Kb1 Nc4 48. Bc1 Rh7 49. Ka2 Ra7+ 50. Kb1 Nd6 51. Bh6 Ne4 52.
g4+ Ke5 53. g5 Kf5 54. Kb2 Rb7+ 55. Ka3 c4 56. g6 d3 57. Rg2 dxc2 58. Rxc2 Rb3+
59. Ka4 Nc3+ 60. Ka5 Kxg6 61. Bf8 Kf5 62. Bb4 Ke4 63. Rxc3 1/2-1/2

[Event "Bundesliga 0102"]
[Site "Deutschland"]
[Date "2002.02.23"]
[Round "8.3"]
[White "Gabriel, Christian"]
[Black "Dutreeuw, Marc"]
[Result "1-0"]
[WhiteElo "2545"]
[BlackElo "2390"]
[PlyCount "69"]
[EventDate "2001.10.06"]
[EventType "team"]
[EventRounds "15"]
[EventCountry "GER"]
[SourceTitle "Bundesliga 0102"]
[Source "DeepChess"]
[SourceDate "2005.01.01"]
[SourceVersion "1"]
[SourceVersionDate "2005.01.01"]
[SourceQuality "1"]
[WhiteTeam "Stuttgarter SF 1879"]
[BlackTeam "SGEM Heiligenhaus 1937 e. V."]
[WhiteTeamCountry "GER"]
[BlackTeamCountry "GER"]

1. e4 e5 2. Bc4 Nf6 3. d3 Nc6 4. Nf3 Be7 5. O-O O-O 6. h3 d6 7. Bb3 Na5 8. Ba4
c5 9. c3 a6 10. Bc2 Nc6 11. Re1 Qc7 12. Nbd2 Re8 13. Nf1 h6 14. Ne3 Bf8 15. Nh2
Be6 16. Qf3 Qd8 17. Bb3 Nh7 18. Nf5 Ng5 19. Qg3 Kh8 20. Ng4 b5 21. Kh1 a5 22.
f4 exf4 23. Bxf4 c4 24. dxc4 a4 25. Bc2 Bxc4 26. Nxd6 Bxd6 27. Bxd6 Qd7 28. e5
Qe6 29. Qf4 Ne7 30. Ne3 Nd5 31. Nxd5 Qxd5 32. h4 Nh7 33. Rad1 Qe6 34. Bf5 g5
35. Qf2 1-0

[Event "Bundesliga 0102"]
[Site "Deutschland"]
[Date "2002.02.23"]
[Round "8.4"]
[White "Berkvens, Joost"]
[Black "Bunzmann, Dimitrij"]
[Result "1/2-1/2"]
[WhiteElo "2444"]
[BlackElo "2509"]
[PlyCount "59"]
[EventDate "2001.10.06"]
[EventType "team"]
[EventRounds "15"]
[EventCountry "GER"]
[SourceTitle "Bundesliga 0102"]
[Source "DeepChess"]
[SourceDate "2005.01.01"]
[SourceVersion "1"]
[SourceVersionDate "2005.01.01"]
[SourceQuality "1"]
[WhiteTeam "SGEM Heiligenhaus 1937 e. V."]
[BlackTeam "Stuttgarter SF 1879"]
[WhiteTeamCountry "GER"]
[BlackTeamCountry "GER"]

1. d4 e6 2. c4 b6 3. e4 Bb7 4. Bd3 f5 5. exf5 Bb4+ 6. Kf1 Nf6 7. Be2 O-O 8. c5
bxc5 9. a3 Ba5 10. dxc5 Ne4 11. b4 Qf6 12. Ra2 Bd5 13. Rb2 Nc6 14. Nd2 Rab8 15.
Nxe4 Bxe4 16. Qd2 Nd4 17. Nf3 Nxe2 18. Kxe2 Qxf5 19. Qe3 Qg4 20. Re1 Rf5 21.
Kf1 Bxf3 22. gxf3 Rxf3 23. Qe4 Qh3+ 24. Kg1 Rbf8 25. Re3 Rxe3 26. Bxe3 Rf6 27.
Rb1 d5 28. cxd6 cxd6 29. bxa5 d5 30. Rb8+ 1/2-1/2

[Event "Bundesliga 0102"]
[Site "Deutschland"]
[Date "2002.02.23"]
[Round "8.5"]
[White "Buhmann, Rainer"]
[Black "Schmitz, Andreas Arnold"]
[Result "1-0"]
[WhiteElo "2498"]
[BlackElo "2185"]
[PlyCount "53"]
[EventDate "2001.10.06"]
[EventType "team"]
[EventRounds "15"]
[EventCountry "GER"]
[SourceTitle "Bundesliga 0102"]
[Source "DeepChess"]
[SourceDate "2005.01.01"]
[SourceVersion "1"]
[SourceVersionDate "2005.01.01"]
[SourceQuality "1"]
[WhiteTeam "Stuttgarter SF 1879"]
[BlackTeam "SGEM Heiligenhaus 1937 e. V."]
[WhiteTeamCountry "GER"]
[BlackTeamCountry "GER"]

1. Nf3 Nf6 2. c4 c6 3. d4 d5 4. e3 Bg4 5. h3 Bf5 6. Nc3 e6 7. Bd3 Bxd3 8. Qxd3
Nbd7 9. O-O Bd6 10. e4 dxc4 11. Qxc4 e5 12. Bg5 exd4 13. Qxd4 Bc5 14. Qc4 h6
15. e5 hxg5 16. exf6 gxf6 17. Rad1 Qe7 18. Ne4 b6 19. b4 g4 20. Rfe1 Ne5 21.
Nxe5 fxe5 22. bxc5 b5 23. Qc3 gxh3 24. Nd6+ Kf8 25. Rxe5 Qh4 26. Rde1 Kg8 27.
Re8+ 1-0